[Event "9. Oeffinger Schachopen"]
[Site "Fellbach-Oeffingen"]
[Date "2018.05.22"]
[Round "7.7"]
[White "Keller, Joachim"]
[Black "Weida, Alexander"]
[Result "0-1"]
[WhiteElo "1948"]
[BlackElo "1980"]
[PlyCount "92"]
[EventDate "2018.??.??"]
[WhiteTeam "SK Bebenhausen"]
[BlackTeam "SC Waiblingen"]

1. d4 Nf6 2. Bf4 c5 3. e3 g6 4. Nf3 Bg7 5. c4 O-O 6. Nc3 cxd4 7. exd4 d5 8. c5
Nc6 9. Be2 Ne4 10. O-O Bg4 11. Be3 Qd7 12. h3 Be6 13. Bb5 f6 14. Qc1 Rf7 15.
Bf4 Bf5 16. Bh6 Nxc3 17. bxc3 Bxh3 18. Bxg7 Bxg2 19. Bh6 Bxf3 20. Qf4 Qh3 21.
Qh2 Qxh2+ 22. Kxh2 e5 23. Rfe1 e4 24. Bxc6 bxc6 25. Rab1 g5 26. Rb4 Re7 27.
Reb1 Rae8 28. Rb8 Kf7 29. Kg3 Rxb8 30. Rxb8 Re8 31. Rb7+ Kg6 32. Bg7 Rg8 33.
Bxf6 Kxf6 34. Rxh7 Rg7 35. Rh6+ Rg6 36. Rh7 a6 37. Rc7 Kf5 38. Rh7 Rf6 39. Rh8
Kg6 40. Rg8+ Kh7 41. Rc8 Be2 42. a4 Bd1 43. Ra8 Bxa4 44. Rxa6 Bb5 45. Ra7+ Kg6
46. Rd7 Rf3+ 0-1

[Event "9. Oeffinger Schachopen"]
[Site "Fellbach-Oeffingen"]
[Date "2018.05.22"]
[Round "7.8"]
[White "Wiesner, Frank"]
[Black "Esterluss, Johannes"]
[Result "1/2-1/2"]
[WhiteElo "1870"]
[BlackElo "2022"]
[PlyCount "37"]
[EventDate "2018.??.??"]
[WhiteTeam "SK Wernau"]
[BlackTeam "SC Lorsch"]

1. c4 Nf6 2. Nf3 d6 3. g3 c6 4. Bg2 e5 5. O-O Be7 6. Nc3 O-O 7. d3 Nbd7 8. b3
Re8 9. Bb2 Qc7 10. Rc1 h6 11. Nd2 Nf8 12. Nde4 Ne6 13. e3 Nxe4 14. dxe4 a5 15.
Qe2 Nc5 16. Ba3 Bf8 17. Bxc5 dxc5 18. Rfd1 Be6 19. Rd2 1/2-1/2